Gaming Quiz

Random Gaming or Pokémon Quiz

Electric Type Pokemon (gen 1- 6) Quiz Stats

 Plays Quiz not verified by Sporcle

Challenge
Share
Tweet
Embed
Score 0/47 Timer 14:00
0 Plays Today
NDex Pokemon % Correct
#25pikachu
98.4%
#26raichu
97.6%
#81magnemite
95.9%
#82magneton
95.1%
#145zapdos
95.1%
#100voltorb
93.5%
#101electrode
92.7%
#125electabuzz
90.2%
#172pichu
88.6%
#171lanturn
85.4%
#135jolteon
84.6%
#462magnezone
83.7%
#170chinchou
82.9%
#239elekid
82.1%
#479rotom
81.3%
#479rotom
81.3%
#479rotom
81.3%
#479rotom
81.3%
#479rotom
81.3%
#479rotom
81.3%
#466electivire
80.5%
#179mareep
77.2%
#181ampharos
77.2%
#587emolga
77.2%
NDex Pokemon % Correct
#309electrike
76.4%
#312minun
76.4%
#644zekrom
76.4%
#702dedenne
76.4%
#311plusle
75.6%
#180flaaffy
74.8%
#243raikou
74.8%
#595joltik
74%
#596galvantula
74%
#618stunfisk
72.4%
#694helioptile
72.4%
#417pachirisu
71.5%
#405luxray
70.7%
#695heliolisk
70.7%
#404luxio
69.9%
#403shinx
68.3%
#604eelektross
68.3%
#310manectric
66.7%
#602tynamo
66.7%
#642thundurus
66.7%
#522blitzle
65.9%
#603eelektrik
63.4%
#523zebstrika
61%

You're not logged in!

Compare scores with friends on all Sporcle quizzes.
Join for Free
OR
Log In

You Might Also Like...

Show Comments

Extras

Created May 12, 2014ReportNominate
Tags:Pokémon Quiz

Top Quizzes Today


Score Distribution

Your Account Isn't Verified!

In order to create a playlist on Sporcle, you need to verify the email address you used during registration. Go to your Sporcle Settings to finish the process.

Report this User

Report this user for behavior that violates our Community Guidelines.

Details: